Rééducation des paraplégiques (Record no. 17582)
[ view plain ]
| 000 -LEADER | |
|---|---|
| fixed length control field | 00339 a2200157 4500 |
| 035 ## - SYSTEM CONTROL NUMBER | |
| System control number | 3653 |
| 100 ## - VEDETTE PRINCIPALE - NOM DE PERSONNE | |
| Personal name | Lacert, Ph. |
| 245 ## - TITLE STATEMENT | |
| Title | Rééducation des paraplégiques |
| 260 ## - PUBLICATION, DISTRIBUTION, ETC. (IMPRINT) | |
| Date of publication, distribution, etc | 1978 |
| 300 ## - PHYSICAL DESCRIPTION | |
| Extent | 101 p. |
| 700 ## - ADDED ENTRY--PERSONAL NAME | |
| Personal name | Marpean, M. |
| 700 ## - ADDED ENTRY--PERSONAL NAME | |
| Personal name | Calves, M. |
| Withdrawn status | Lost status | Damaged status | Not for loan | Location (home branch) | Sublocation or collection (holding branch) | Date acquired | Koha issues (times borrowed) | Koha full call number | Koha date last seen | Price effective from | Koha item type |
|---|---|---|---|---|---|---|---|---|---|---|---|
| Bibliothèque Faculté des Sciences de la Santé | Bibliothèque Faculté des Sciences de la Santé | 27/02/2009 | WB 460 PRE | 27/02/2009 | 27/02/2009 | Livre |